Piezoelectric Sensors and Actuators Fundamentals and Applications /

This book introduces physical effects and fundamentals of piezoelectric sensors and actuators. It gives a comprehensive overview of piezoelectric materials such as quartz crystals and polycrystalline ceramic materials. Different modeling approaches and methods to precisely predict the behavior of pi...

Full description

Bibliographic Details
Main Author: Rupitsch, Stefan Johann (Author, http://id.loc.gov/vocabulary/relators/aut)
Corporate Author: SpringerLink (Online service)
Format: Electronic eBook
Language:English
Published: Berlin, Heidelberg : Springer Berlin Heidelberg : Imprint: Springer, 2019.
Edition:1st ed. 2019.
Series:Topics in Mining, Metallurgy and Materials Engineering,
Subjects:
Online Access:Full Text via HEAL-Link
LEADER 03759nam a2200529 4500
001 978-3-662-57534-5
003 DE-He213
005 20191220130829.0
007 cr nn 008mamaa
008 180726s2019 gw | s |||| 0|eng d
020 |a 9783662575345  |9 978-3-662-57534-5 
024 7 |a 10.1007/978-3-662-57534-5  |2 doi 
040 |d GrThAP 
050 4 |a TA1750-1750.22 
072 7 |a TJFD  |2 bicssc 
072 7 |a TEC021020  |2 bisacsh 
072 7 |a TJFD  |2 thema 
082 0 4 |a 620.11295  |2 23 
082 0 4 |a 620.11297  |2 23 
100 1 |a Rupitsch, Stefan Johann.  |e author.  |4 aut  |4 http://id.loc.gov/vocabulary/relators/aut 
245 1 0 |a Piezoelectric Sensors and Actuators  |h [electronic resource] :  |b Fundamentals and Applications /  |c by Stefan Johann Rupitsch. 
250 |a 1st ed. 2019. 
264 1 |a Berlin, Heidelberg :  |b Springer Berlin Heidelberg :  |b Imprint: Springer,  |c 2019. 
300 |a XIV, 559 p. 302 illus., 139 illus. in color.  |b online resource. 
336 |a text  |b txt  |2 rdacontent 
337 |a computer  |b c  |2 rdamedia 
338 |a online resource  |b cr  |2 rdacarrier 
347 |a text file  |b PDF  |2 rda 
490 1 |a Topics in Mining, Metallurgy and Materials Engineering,  |x 2364-3293 
505 0 |a Part I Fundamentals -- Physics -- Materials Showing Piezoelectricity -- Modeling of Piezoelectric Materials -- Numerical Simulation of Piezoelectric Sensors and Actuators -- Phenomenological Modeling Approaches for the Large-Signal Behavior of Piezoceramics -- Simulation-based Characterization of Materials -- Part II Applications -- Piezoelectric Transducers -- Process Measurement Technology -- Nondestructive Material Testing -- Medicine -- Smart Structures -- Piezoelectric Positioning Elements and Transformers -- Energy Harvesting. 
520 |a This book introduces physical effects and fundamentals of piezoelectric sensors and actuators. It gives a comprehensive overview of piezoelectric materials such as quartz crystals and polycrystalline ceramic materials. Different modeling approaches and methods to precisely predict the behavior of piezoelectric devices are described. Furthermore, a simulation-based approach is detailed which enables the reliable characterization of sensor and actuator materials. One focus of the book lies on piezoelectric ultrasonic transducers. An optical approach is presented that allows the quantitative determination of the resulting sound fields. The book also deals with various applications of piezoelectric sensors and actuators. In particular, the studied application areas are · process measurement technology, · ultrasonic imaging, · piezoelectric positioning systems and · piezoelectric motors. The book addresses students, academic as well as industrial reseachers and development engineers who are concerned with piezoelectric sensors and actuators. 
650 0 |a Optical materials. 
650 0 |a Electronic materials. 
650 0 |a Nanotechnology. 
650 0 |a Control engineering. 
650 1 4 |a Optical and Electronic Materials.  |0 http://scigraph.springernature.com/things/product-market-codes/Z12000 
650 2 4 |a Nanotechnology and Microengineering.  |0 http://scigraph.springernature.com/things/product-market-codes/T18000 
650 2 4 |a Control and Systems Theory.  |0 http://scigraph.springernature.com/things/product-market-codes/T19010 
710 2 |a SpringerLink (Online service) 
773 0 |t Springer eBooks 
776 0 8 |i Printed edition:  |z 9783662575321 
776 0 8 |i Printed edition:  |z 9783662575338 
776 0 8 |i Printed edition:  |z 9783662586013 
830 0 |a Topics in Mining, Metallurgy and Materials Engineering,  |x 2364-3293 
856 4 0 |u https://doi.org/10.1007/978-3-662-57534-5  |z Full Text via HEAL-Link 
912 |a ZDB-2-ENG 
950 |a Engineering (Springer-11647)